000 00921nam a22003017a 4500
001 0052224
003 KOHA_MİRAKIL
005 20260207003833.0
007 ta
008 150629b2014 tu |||gr||||#0|||1|eng |
020 _a9786055270629
040 _aTR-BiSEU
_btur
_cTR-BiSEU
_erda
041 0 _aeng
044 _ctu
050 _aPE1114
_b.O53 2014
100 1 _aÖnalan, Okan.
245 1 _aReader for all :
_bpratik kelime ve okuma yöntemleri/
_cOkan Önalan ; Okan Önalan, Arif Bulut.
250 _a2. Baskı
264 1 _aAnkara :
_bPelikan
_c2014
300 _aVIII, 230 sayfa ;
_c24 cm. +
_e1 CD-Rom.
336 _ametin
_btxt
_2rdacontent
337 _aaracısız
_bn
_2rdamedia
338 _acilt
_bnc
_2rdacarrier
650 0 _aİngiliz dili--Çalışma ve öğretim--Yabancılar için.
_997435
650 0 _aİngiliz dili--Sınavlar, sorular, vb.
_91936
907 _aDil
942 _2lcc
_cBK
999 _c52042
_d52042